000 00635nam a22002177a 4500
003 OSt
005 20160913155200.0
008 160913b xxu||||| |||| 00| 0 eng d
020 _a9780030259821
020 _a0030259827
040 _cDDC
082 _a592Rup 2004
100 _aRuppert,E.Edward;Fox,S.Richard;Barnes,D.Robert;
_911039
245 _aInvertebrate Zoology.
_bA functional Evolutionary Approach.
250 _a7th ed
260 _aAustraria.
_bBrooks/Cole Cenage Learning.
_c2004.
300 _axvii,963p;
_bill;
_c25cm.
504 _aincludes references and index.
650 _aZoology
_98070
942 _2ddc
_cO_SHELF
999 _c5187
_d5187